000 00565nam a2200205Ia 4500
003 OSt
005 20241217100932.0
008 210716s1987 xx 000 0 und d
020 _a0020519303
040 _cAIMIT LIBRARY
041 _aeng
082 _a808.83
_21
_bHEME
100 _aHemingway, Ernest.
_9191284
245 _aShort stories /
_cBy Ernest Hemingway.
250 _a1st ed.
260 _aNew York :
_bCollier Macmillan Publishers ;
_c1987.
300 _a499p. ;
_bPB
_c18 cm.
650 _aNovels
_9191285
942 _2ddc
_cBK
_e1st ed.
_k808.83 HEME
999 _c200304
_d200304